GETS Theological Seminary Library

近代中国的史家与史学 (Record no. 23897)

MARC details
000 -LEADER
fixed length control field 00598nam a2200193Ia 4500
008 - FIXED-LENGTH DATA ELEMENTS--GENERAL INFORMATION
fixed length control field 200830s9999||||xx |||||||||||||| ||und||
020 ## - INTERNATIONAL STANDARD BOOK NUMBER
International Standard Book Number 7309074041
020 ## - INTERNATIONAL STANDARD BOOK NUMBER
International Standard Book Number 9787309074048
041 ## - LANGUAGE CODE
Language code of text/sound track or separate title chi
050 ## - LIBRARY OF CONGRESS CALL NUMBER
Classification number DS734.7
Item number .W2275 2010
100 ## - MAIN ENTRY--PERSONAL NAME
Personal name 王泛森
245 #0 - TITLE STATEMENT
Title 近代中国的史家与史学
Remainder of title /
Statement of responsibility, etc. 王泛森
246 ## - VARYING FORM OF TITLE
Title proper/short title 近代中國的史家與史學
Remainder of title /
260 ## - PUBLICATION, DISTRIBUTION, ETC.
Place of publication, distribution, etc. 上海 :
Name of publisher, distributor, etc. 复旦大学出版社,
Date of publication, distribution, etc. 2010
300 ## - PHYSICAL DESCRIPTION
Extent 187 p.
Other physical details ;
Dimensions 21 cm.
650 ## - SUBJECT ADDED ENTRY--TOPICAL TERM
Topical term or geographic name entry element Historiography--China--History--19th century. 
650 ## - SUBJECT ADDED ENTRY--TOPICAL TERM
Topical term or geographic name entry element Historiography--China--History--20th century. 
Holdings
Withdrawn status Lost status Damaged status Not for loan Home library Current library Shelving location Date acquired Total Checkouts Full call number Barcode Date last seen Price effective from Koha item type
        GETS Theological Seminary Library GETS Theological Seminary Library General Stacks 08/30/2020   DS734.7 .W2275 2010 00011697 08/30/2020 08/30/2020 Chinese Book
OpacCredits

Contact the Librarian, GETS Library
Email: library@mygets.org









Implemented by GETS Library
(Powered by ETCA Professional Group)
GETS Theological Seminary
412 E. Rowland Street, CA 91723